[Event "Titled Tuesday intern op 24th Sep Early"]
[Site "Chess.com INT"]
[Date "2024.09.24"]
[Round "8"]
[White "Gubajdullin, Alexey"]
[Black "Garv, Gaur"]
[Result "1-0"]
[WhiteElo "2238"]
[BlackElo "2388"]
[PlyCount "129"]
[EventDate "2024.09.24"]
[EventType "swiss (blitz)"]
[EventRounds "11"]
[EventCountry "USA"]
[SourceTitle "EXT 2025"]
[Source "ChessBase"]
[SourceDate "2024.10.14"]
[SourceVersion "1"]
[SourceVersionDate "2024.10.14"]
[SourceQuality "1"]

1. Nf3 Nf6 2. g3 b5 3. Bg2 Bb7 4. 0-0 a6 5. a4 e6 6. Na3 b4 7. Nc4 a5 8. d3 Be7 9. e4 d6 10. e5 dxe5 11. Nfxe5 Bxg2 12. Kxg2 0-0 13. Qf3 Qd5 14. Bf4 Rd8 15. Rfe1 Ra6 16. Re2 Nbd7 17. Nxd7 Rxd7 18. Be5 Qxf3+ 19. Kxf3 Nd5 20. b3 f6 21. Bb2 Kf7 22. Rae1 Bd8 23. h4 h6 24. h5 Re7 25. g4 c5 26. Re4 e5 27. Ne3 Nb6 28. Nf5 Rd7 29. Kg2 Nd5 30. Rc4 Rc7 31. Kf3 Nb6 32. Rce4 Nd5 33. Bc1 Re6 34. Bd2 Rd7 35. Kg2 Bb6 36. f4 Bc7 37. fxe5 Rxe5 38. Rxe5 Bxe5 39. Re4 Ne7 40. Rc4 Nxf5 41. gxf5 Bd4 42. Kf3 Rd5 43. Kg4 Re5 44. Bf4 Re2 45. Bd6 Rg2+ 46. Kf3 Rf2+ 47. Kg3 Rxf5 48. Kg4 Rg5+ 49. Kh4 Bf2+ 50. Kh3 Rxh5+ 51. Kg4 Rg5+ 52. Kf3 Bd4 53. Bf4 Rf5 54. Ke4 Ke6 55. Bc7 g5 56. Bxa5 h5 57. Bc7 h4 58. a5 g4 59. a6 Rh5 60. a7 Rh8 61. Bb8 h3 62. a8Q h2 63. Qd5+ Ke7 64. Bd6+ Kd7 65. Bxc5+ 1-0

[Event "Titled Tuesday intern op 24th Sep Early"]
[Site "Chess.com INT"]
[Date "2024.09.24"]
[Round "4"]
[White "Myagmarsuren, Evsuld"]
[Black "Garv, Gaur"]
[Result "0-1"]
[WhiteElo "2149"]
[BlackElo "2388"]
[PlyCount "85"]
[EventDate "2024.09.24"]
[EventType "swiss (blitz)"]
[EventRounds "11"]
[EventCountry "USA"]
[SourceTitle "EXT 2025"]
[Source "ChessBase"]
[SourceDate "2024.10.14"]
[SourceVersion "1"]
[SourceVersionDate "2024.10.14"]
[SourceQuality "1"]

1. e4 c6 2. d4 d5 3. Nc3 g6 4. Nf3 Bg7 5. exd5 cxd5 6. Ne5 Nc6 7. Bb5 Bd7 8. 0-0 Nxe5 9. dxe5 Bxb5 10. Nxb5 a6 11. Nc3 e6 12. Re1 Ne7 13. Bg5 0-0 14. Qf3 Qc7 15. Rad1 Nc6 16. Bf6 Rfe8 17. Bxg7 Kxg7 18. Qf6+ Kg8 19. Rd3 Qe7 20. Qf4 Qb4 21. Qh6 Qf8 22. Qf4 Qg7 23. h4 h6 24. Na4 Rac8 25. Nc5 Nxe5 26. Rxe5 Rxc5 27. c3 Rc4 28. Qg3 Rec8 29. h5 g5 30. Qe3 Qf6 31. g3 b5 32. a3 a5 33. Kg2 b4 34. axb4 axb4 35. cxb4 Rxb4 36. b3 Rcb8 37. Kh3 Rxb3 38. Rxb3 Rxb3 39. Qd3 Rxd3 40. Re2 Qf5+ 41. Kg2 Qf3+ 42. Kh2 Qxe2 43. Kh3 0-1

[Event "Titled Tuesday intern op 13th Aug Early"]
[Site "Chess.com INT"]
[Date "2024.08.13"]
[Round "9"]
[White "Jegorovas, Aleksandras"]
[Black "Garv, Gaur"]
[Result "1-0"]
[WhiteElo "2270"]
[BlackElo "2388"]
[PlyCount "117"]
[EventDate "2024.08.13"]
[EventType "swiss (blitz)"]
[EventRounds "11"]
[EventCountry "USA"]
[SourceTitle "EXT 2025"]
[Source "ChessBase"]
[SourceDate "2024.10.14"]
[SourceVersion "1"]
[SourceVersionDate "2024.10.14"]
[SourceQuality "1"]

1. d4 Nf6 2. c4 e6 3. g3 d5 4. Bg2 Bb4+ 5. Bd2 Be7 6. Nf3 0-0 7. 0-0 c6 8. Qc2 Nbd7 9. Bg5 b6 10. Nbd2 Bb7 11. Bxf6 Nxf6 12. e4 dxe4 13. Nxe4 c5 14. Nxf6+ Bxf6 15. dxc5 bxc5 16. Rad1 Qb6 17. b3 Rfd8 18. Rxd8+ Rxd8 19. Rd1 g6 20. Rxd8+ Qxd8 21. Qe2 Kg7 22. Nd2 Bxg2 23. Kxg2 Bd4 24. Nf3 Qd6 25. Nxd4 cxd4 26. Qd3 e5 27. Kf3 h5 28. Ke2 f5 29. f3 Kf6 30. h4 Qc5 31. Qd2 Kf7 32. Qh6 Qf8 33. Qh7+ Qg7 34. Qxg7+ Kxg7 35. Kd3 Kf7 36. f4 e4+ 37. Kxd4 Ke6 38. c5 Kd7 39. b4 Kc6 40. Kc4 a6 41. a4 Kc7 42. b5 axb5+ 43. axb5 Kd7 44. c6+ Kc7 45. Kd4 Kb6 46. Kc4 Kc7 47. Kc5 e3 48. b6+ Kc8 49. Kd6 e2 50. b7+ Kb8 51. c7+ Kxb7 52. Kd7 e1Q 53. c8Q+ Ka7 54. Qc7+ Ka8 55. Qc6+ Kb8 56. Qb6+ Ka8 57. Qxg6 Qd1+ 58. Ke7 Qe2+ 59. Qe6 1-0

[Event "Titled Tuesday intern op 13th Aug Early"]
[Site "Chess.com INT"]
[Date "2024.08.13"]
[Round "11"]
[White "Le Goff, Ronan"]
[Black "Garv, Gaur"]
[Result "1-0"]
[WhiteElo "2202"]
[BlackElo "2388"]
[PlyCount "137"]
[EventDate "2024.08.13"]
[EventType "swiss (blitz)"]
[EventRounds "11"]
[EventCountry "USA"]
[SourceTitle "EXT 2025"]
[Source "ChessBase"]
[SourceDate "2024.10.14"]
[SourceVersion "1"]
[SourceVersionDate "2024.10.14"]
[SourceQuality "1"]

1. d4 Nf6 2. Nf3 e6 3. c4 b6 4. g3 Bb7 5. Bg2 Be7 6. 0-0 0-0 7. Re1 d5 8. cxd5 exd5 9. Nc3 Nbd7 10. Bf4 a6 11. Rc1 Rc8 12. Ne5 Bd6 13. Qb3 Qe7 14. Nxd5 Bxd5 15. Bxd5 Nxe5 16. dxe5 Bxe5 17. Bxe5 Qxe5 18. Bb7 Rcd8 19. Bxa6 Nd7 20. Bc4 Nc5 21. Qc3 Qh5 22. b4 Ne4 23. Qf3 Qe5 24. Bd3 Nf6 25. Qf5 Qd6 26. a3 Rfe8 27. Red1 Re5 28. Qf3 Qe7 29. Qc6 Rd7 30. Bb5 Rxd1+ 31. Rxd1 g6 32. Bc4 Kg7 33. Qf3 c5 34. b5 Ne4 35. a4 Rf5 36. Qe3 Re5 37. Qc1 Qf6 38. f3 Nd6 39. Qc2 Re3 40. Bd3 c4 41. Bxc4 Rc3 42. Rxd6 Rxc2 43. Rxf6 Kxf6 44. Bd3 Ra2 45. Kf2 Rxa4 46. Ke3 Ke5 47. h4 f5 48. Kd2 f4 49. g4 Ra1 50. h5 gxh5 51. gxh5 h6 52. Kc3 Kd5 53. Kb4 Rh1 54. Bg6 Kd4 55. Kb3 Ke3 56. Kc4 Kxe2 57. Kd5 Kxf3 58. Be4+ Ke2 59. Bxh1 f3 60. Bxf3+ Kxf3 61. Kc6 Kg4 62. Kxb6 Kxh5 63. Ka7 Kg4 64. b6 h5 65. b7 h4 66. b8Q Kh3 67. Qg8 Kh2 68. Qg4 h3 69. Kb6 1-0

[Event "Titled Tuesday intern op 23rd Jul Early"]
[Site "Chess.com INT"]
[Date "2024.07.23"]
[Round "4"]
[White "Garv, Gaur"]
[Black "Baskakov, Egor"]
[Result "0-1"]
[WhiteElo "2388"]
[BlackElo "2215"]
[PlyCount "52"]
[EventDate "2024.07.23"]
[EventType "swiss (blitz)"]
[EventRounds "11"]
[EventCountry "USA"]
[SourceTitle "EXT 2025"]
[Source "ChessBase"]
[SourceDate "2024.10.14"]
[SourceVersion "1"]
[SourceVersionDate "2024.10.14"]
[SourceQuality "1"]

1. Nf3 Nf6 2. c4 e6 3. g3 d5 4. Bg2 Be7 5. 0-0 0-0 6. d4 Ne4 7. Nc3 f5 8. Ne5 c6 9. Qc2 Nd7 10. Rd1 Nxe5 11. dxe5 Bd7 12. Qb3 Nc5 13. Qc2 Ne4 14. Qb3 Bc5 15. e3 Qc8 16. cxd5 cxd5 17. Nxe4 fxe4 18. Bd2 Qe8 19. Rac1 Ba4 20. Qxb7 Bxd1 21. Rxc5 Rb8 22. Qa6 Rxb2 23. Bc1 Rbxf2 24. Bh3 Qh5 25. Qxe6+ Kh8 26. Rc7 Qe2 0-1